Slippery slope of recession (Record no. 81617)
[ view plain ]
| 000 -LEADER | |
|---|---|
| fixed length control field | 00996cab a22001935a 4500 |
| 001 - CONTROL NUMBER | |
| control field | L147712 |
| 008 - FIXED-LENGTH DATA ELEMENTS--GENERAL INFORMATION | |
| fixed length control field | 090608s2009 xxkd f 000 0 eng d |
| 035 ## - SYSTEM CONTROL NUMBER | |
| System control number | (Sirsi) u147712 |
| 041 0# - LANGUAGE CODE | |
| Language code of text/sound track or separate title | eng |
| 245 00 - TITLE STATEMENT | |
| Title | Slippery slope of recession |
| 260 ## - PUBLICATION, DISTRIBUTION, ETC. | |
| Date of publication, distribution, etc. | 2009 |
| 490 ## - SERIES STATEMENT | |
| Series statement | CIBSE Journal |
| Volume/sequential designation | May 2009, 32-38(6) |
| 520 ## - SUMMARY, ETC. | |
| Summary, etc. | Gives details of the latest annual Hays/CIBSE Journal jobs survey for the building services sector. The last year has seen a total turnaround in recruitment activity for this sector with jobs being fewer but more in demand. Some sectors have fared less badly including senior professionals in the private sector and the public has seen steady growth and opportunities in the public sector. With tables and graphs giving a breakdown of salaries for professionals in various areas of the UK. |
| 590 ## - LOCAL NOTE (RLIN) | |
| Local note | KA |
| 650 24 - SUBJECT ADDED ENTRY--TOPICAL TERM | |
| Topical term or geographic name entry element | HAYS BUILDING SERVICES SALARY GUIDE |
| 651 #4 - SUBJECT ADDED ENTRY--GEOGRAPHIC NAME | |
| Geographic name | United Kingdom |
| Chronological subdivision | |
| 690 ## - LOCAL SUBJECT ADDED ENTRY--TOPICAL TERM (OCLC, RLIN) | |
| Topical term or geographic name as entry element | MANAGEMENT-BUSINESS MANAGEMENT-HUMAN RESOURCE MANAGEMENT |
| 942 ## - ADDED ENTRY ELEMENTS (KOHA) | |
| Suppress in OPAC | 0 |
| Withdrawn status | Lost status | Source of classification or shelving scheme | Damaged status | Not for loan | Home library | Current library | Shelving location | Date acquired | Total Checkouts | Full call number | Barcode | Date last seen | Copy number | Price effective from | Koha item type |
|---|---|---|---|---|---|---|---|---|---|---|---|---|---|---|---|
| Dewey Decimal Classification | London | London | Journal article | 09/06/2009 | L147712 | 147712-1001 | 06/08/2019 | 1 | 06/08/2019 | Journal article |